[路線図付き] JR東日本 両毛線 駅名穴埋めクイズ - Statistics

General Stats
  • This quiz has been taken 995 times
  • The average score is 16 of 22
Answers on the Map
Answers color-coded by a green-red scale on the quiz's map according to % correct below.
 
Answer Stats
Hint Answer % Correct
両毛線 高崎
97%
両毛線 小山
95%
両毛線 前橋
94%
両毛線 新前橋
90%
両毛線 足利
88%
両毛線 栃木
87%
両毛線 高崎問屋町
85%
両毛線 伊勢崎
85%
両毛線 桐生
85%
両毛線 あしかがフラワーパーク
81%
両毛線 佐野
81%
両毛線 井野
71%
両毛線 思川
67%
両毛線 前橋大島
63%
両毛線 大平下
57%
両毛線 駒形
54%
両毛線 国定
54%
両毛線 岩宿
54%
両毛線 富田
49%
両毛線 小俣
48%
両毛線 岩舟
47%
両毛線 山前
46%
No matching quizzes found
Score Distribution
Percent of People with Each Score
Percentile by Number Answered
Your Score History
You have not taken this quiz